| 000 | 01006nas1a22002771i 4500 | ||
|---|---|---|---|
| 001 | RU\NLR\Per\711177 | ||
| 005 | 20241103003956.0 | ||
| 011 | _a2079-1003 | ||
| 035 | _a(NLR Aleph) 002958578 | ||
| 090 |
_a3952499 _c3952499 |
||
| 100 | _a20101011a20099999|||y0rusy50 ba | ||
| 101 | 0 | _arus | |
| 102 | _aRU | ||
| 110 | _aaj||||||||| | ||
| 200 | 1 |
_aUral-Altaic Studies _dУрало-Алтайские исследования _eнаучный журнал _zrus |
|
| 210 |
_aМосква _cИнститут языкознания РАН _d2010 - |
||
| 510 | 1 |
_aУрало-Алтайские исследования _zrus |
|
| 606 |
_aАлтайские языки _jПериодические издания _9933280 _3RU\NLR\AUTH\6625475 |
||
| 606 |
_aУральские языки _jПериодические издания _91888020 _3RU\NLR\AUTH\661148761 |
||
| 686 | 1 | _aШ162/165я5 | |
| 686 | 1 | _aШ166я5 | |
| 852 |
_aNLR _jП35/978 |
||
| 942 | _cJOURNAL | ||
| 980 | _aRUSPER | ||